书目信息 |
| 题名: |
工程热力学
|
|
| 作者: | ЛИТВИН 著 ;徐华舫 译 | |
| 分册: | 第二册 | |
| 出版信息: | 北京 高等教育出版社 1957 |
|
| 页数: | 235页 | |
| 开本: | 21cm | |
| 丛书名: | ||
| 单 册: | ||
| 中图分类: | TK12 | |
| 科图分类: | ||
| 主题词: | 热力工程--理论 | |
| 电子资源: | ||
| ISBN: | ||
| 000 | 00635nam0 2200217 45 | |
| 001 | 0181013433 | |
| 005 | 20060518155412.20 | |
| 010 | @dCNY1.20 | |
| 100 | @a20810111d1957 km y0chiy0120 ea | |
| 101 | 0 | @achi@crus |
| 200 | 1 | @a工程热力学@Agong cheng re li xue@h第二册@fА·М·ЛИТВИН著@FА·М·ЛИТВИНzhu@g徐华舫等译@Gxu hua fang deng yi |
| 205 | @a新1版 | |
| 210 | @a北京@c高等教育出版社@d1957 | |
| 215 | @a235页@d21cm | |
| 300 | @a高等学校教学用书 | |
| 606 | 0 | @a热力工程@x理论 |
| 690 | @aTK12@v4 | |
| 701 | 0 | @aЛИТВИН@4著 |
| 702 | 0 | @a徐华舫@Axu hua fang@4译 |
| 801 | @aCN@bTSTC@c20060518 | |
| 905 | @dTK12@e2:2 | |
| 工程热力学.第二册/А·М·ЛИТВИН著/徐华舫等译.-新1版.-北京:高等教育出版社,1957 |
| 235页;21cm |
| 高等学校教学用书 |
| ISBN :CNY1.20 |
| ● |
| 相关链接 |
|
|
|
|
正题名:工程热力学
索取号:TK12/2:2
 
预约/预借
| 序号 | 登录号 | 条形码 | 馆藏地/架位号 | 状态 | 备注 |
| 1 | 0011839 | 202347683 | 密集书库/ [索取号:TK12/2:2] | 在馆 |